Washington D.C. A-Z - Statistics

General Stats
  • This quiz has been taken 25 times
  • The average score is 20 of 26
Answer Stats
Hint Answer % Correct
Y Neighborhood and military installation in SE DC Navy {Yard}
100%
V One of two states which donated land for the federal district, although regaining it in 1846 Virginia
100%
T Slogan printed on license plates advocating for statehood for the people of DC End {Taxation} Without Representation
95%
P Main river denoting the boundary between DC and Virginia Potomac
95%
S Series of museums and research centers located throughout DC known for its free admission Smithsonian
95%
Z One of S, it's famously home to a pair of giant pandas Zoo
91%
K Venue that's home to the National Symphony Orchestra and National Opera, among other troupes and ceremonies {Kennedy} Center
91%
U Major train station, transportation hub, and mall near the Capitol {Union} Station
91%
E Jazz legend born and raised in DC Duke {Ellington}
86%
F Site of Abraham Lincoln's assassination {Ford's} Theatre
86%
M Name for the DC-area public transit service Metro
86%
Q DC is divided into four of these, divided by North, South, East, and West Capitol Streets Quadrants
86%
N Name for Ronald Reagan Airport until 1998, still used by many locals Washington {National} Airport
86%
C Female personification of the US and namesake of the District Columbia
82%
H Historically black university established in 1867 {Howard} University
82%
J The mayor of this nation's capital gifted cherry trees to DC in 1912 Japan
82%
W Demonym for people from DC Washingtonian
82%
G Ritzy neighborhood home to a prestigious university Georgetown
77%
X Alternative name for Meridian Hill Park, commemorating a slain civil rights leader {Malcolm X} Park
73%
D Roundabout and neighborhood widely considered the heartbeat of DC {Dupont} Circle
68%
O Scientific and military facility also home to the Vice President U.S. Naval {Observatory}
68%
A River flowing from Maryland and emptying into P, or a historic neighborhood in SE DC Anacostia
55%
I Major road passing the Library of Congress, Capitol, National Mall, Washington Monument, and Lincoln Memorial {Independence} Avenue
55%
R 1,755 acre park visited by 2 million people annually Rock Creek Park
50%
B Famous diner known for half-smokes, hot dogs, and milkshakes {Ben's} Chili Bowl
41%
L French engineer/artist who laid out the city plan for the nation's new capital Pierre {L'Enfant}
41%
No matching quizzes found
Score Distribution
Percent of People with Each Score
Percentile by Number Answered
Your Score History
You have not taken this quiz